Archival science

Bibliographic Details
Previous Title:Archives & museum informatics (Online)
Format: Electronic Journal
Language:English
Published: Dordrecht, the Netherlands : Kluwer Academic Publishers, 2001-
[Dordrecht] : Springer Netherlands
Subjects:
Online Access:Full text available from Research Library: 01/01/2001 to 1 year ago

MARC

LEADER 00000nas a2200000 a 4500
001 ssj0016189
003 WaSeSS
005 20200512172242.0
006 m d
007 cr n
008 010410c20019999ne qr pss 0 a0eng c
010 |a  2001262356 
016 7 |a 012432107  |2 Uk 
022 |a 1573-7500  |l 1042-1467  |y 1389-0166 
035 |a (WaSeSS)ssj0016189 
040 |a OH1  |b eng  |e pn  |c OH1  |d CGU  |d HNK  |d OCLCQ  |d MUQ  |d OCLCQ  |d WAU  |d OCLCQ  |d OCL  |d OCLCQ  |d MYG  |d OCLCQ  |d UKMGB  |d OCLCQ  |d SERSO  |d OCLCF  |d OCLCO  |d OCLCQ  |d UKBOL  |d OCLCQ  |d DLC  |d AUD  |d Z5A  |d VT2  |d WaSeSS 
042 |a pcc 
050 0 0 |a CD921 
130 0 |a Archival science (Online) 
222 0 |a Archival science  |b (Dordrecht. Online) 
245 1 0 |a Archival science  |h [electronic resource]. 
246 1 |a International journal on recorded information 
260 |a Dordrecht, the Netherlands :  |b Kluwer Academic Publishers,  |c 2001- 
260 3 |3 <2003-> :  |a [Dordrecht] :  |b Springer Netherlands 
310 |a Four issues per year 
362 0 |a Vol. 1, issue 1 (Mar. 2001)- 
500 |a Title from contents (KluwerOnline, viewed Dec. 16, 2003). 
506 |a License restrictions may limit access. 
515 |a Some issues combined. 
588 |a Latest issue consulted: Vol. 18, no. 3 (Sept. 2018) (SpringerLink, viewed Sept. 19, 2018). 
650 0 |a Archives  |v Periodicals. 
650 6 |a Archives  |v Périodiques. 
650 7 |a Archives.  |2 fast  |0 (OCoLC)fst00814030 
653 |a Computing 
655 0 |a Electronic journals. 
776 0 8 |i Print version:  |t Archival science  |x 1389-0166  |w (DLC) 2001261055  |w (OCoLC)47107746 
780 0 0 |t Archives & museum informatics (Online)  |x 1573-7519  |w (DLC) 2001262357  |w (OCoLC)41557071 
850 |a DLC 
856 4 0 |z Full text available from Research Library: 01/01/2001 to 1 year ago  |u https://search.proquest.com/publication/26061